TREATMENT of disorders in childhood and adolescence

Saved in:
Bibliographic Details
Format: Book
Language:English
Published: The Guilf2019ord Press 2019
Tags: Add Tag
No Tags, Be the first to tag this record!

MARC

LEADER 00000nam a22000007a 4500
008 230731b |||||||| |||| 00| 0 eng d
020 |a 978142538980 
245 |a TREATMENT of disorders in childhood and adolescence  |c edited by Mitchell J. Prinstein... (et al).  |g xiii, 914p;ill 
250 |b 4th  |c Prinstien, Mitchell J. 
260 |b The Guilf2019ord Press  |c 2019  |h New York  |i 700385  |i 700386  |l RJ506.B447T71  |m Behavioral disorders in children-Treatment  |m Behavioral therapy for children  |m Affective disorders in children-Treatment  |m Child psychopathology  |m Child psychotherapy 
500 |a it includes references and index 
942 |a lcc  |c BK  |e Johnson  |f 31/07/23 
952 |0 0  |1 0  |2 lcc  |4 0  |6 RJ0506 B447 T71  |7 0  |9 4331  |a HE  |b HOL  |c QZ  |d 2023-07-31  |l 0  |o RJ506.B447T71  |p 2023-0256  |r 2023-07-31 00:00:00  |t 700385  |w 2023-07-31  |y BK 
952 |0 0  |1 0  |2 lcc  |4 0  |6 RJ0506 B447 T71  |7 0  |9 4332  |a HOL  |b HOL  |c QZ  |d 2023-07-31  |l 0  |o RJ506.B447T71  |p 2023-0257  |r 2023-07-31 00:00:00  |t 700386  |w 2023-07-31  |y BK 
999 |c 2176  |d 2176